| 000 | 00407 a2200169 4500 | ||
|---|---|---|---|
| 001 | 186635 | ||
| 020 | _a85-85466-89-8 | ||
| 040 | _cMagnum | ||
| 100 | _aSouza, Flavio de | ||
| 240 | 1 | 0 |
_aAs estripulias de biba, pedro e zeca _lpor |
| 245 | 1 | 0 | _aAs estripulias de biba, pedro e zeca |
| 300 | _a48 | ||
| 362 | 0 | _a1997 | |
| 440 | 1 | _aCompanhia das Letrinhas | |
| 697 | _aLITERATURA INFANTO | ||
| 942 | _cBK | ||
| 999 |
_c186635 _d186635 |
||